Technological Evolution, Variety, and the Economy : (Record no. 613163)

MARC details
000 -LEADER
fixed length control field 00540nam a2200193 a 4500
008 - FIXED-LENGTH DATA ELEMENTS--GENERAL INFORMATION
fixed length control field 260220s1996##################000#0#eng##
020 ## - INTERNATIONAL STANDARD BOOK NUMBER
ISBN 9781852787745
082 04 - DEWEY DECIMAL CLASSIFICATION NUMBER
Classification number 338.064
Item number SAV
100 1# - MAIN ENTRY--AUTHOR NAME
Personal name Saviotti, Paolo,
245 10 - TITLE STATEMENT
Title Technological Evolution, Variety, and the Economy :
260 ## - PUBLICATION, DISTRIBUTION, ETC. (IMPRINT)
Name of publisher Edward Elgar Publishing,
Year of publication 1996.
300 ## - PHYSICAL DESCRIPTION
Number of Pages 250 pages
650 #0 - SUBJECT ADDED ENTRY--TOPICAL TERM
Topical Term Business & Economics.
942 ## - ADDED ENTRY ELEMENTS (KOHA)
Koha item type English Books
Holdings
Withdrawn status Lost status Damaged status Not for loan Home library Current library Shelving location Date acquired Full call number Accession Number Price effective from Koha item type
        Anna Centenary Library Anna Centenary Library 4TH FLOOR, A WING 20.02.2026 338.064 SAV 344347 20.02.2026 English Books

Find us on the map